Pokémon Régis - Animé - Statistiques

Statistiques générales
  • Ce quiz a été pris 35 fois
  • Le résultat moyen est 14 sur 20
Statistiques - réponses
n° de saison Type de quiz Pokémon % Correct
Saison 1 Feu Arcanin
96%
Saison 1 Eau Tortank
96%
Saison 1 Poison/Sol Nidoking
88%
Saison 2 Ténèbres Noctali
88%
Saison 5 Eau/Dragon Hyporoi
79%
Saison 5 Acier/Vol Airmure
75%
Saison 5 Feu/Ténèbres Démolosse
75%
Saison 1 Vol/Normal Dodrio
75%
Saison 9 Electrik Elekable
75%
Saison 5 Poison/Sol Nidoqueen
75%
Saison 5 Insecte/Acier Cizayox
71%
Saison 5 Roche/Sol Grolem
67%
Saison 25 Roche/Ténèbres Tyranocif
67%
Saison 5 Vol/Normal Rapasdepic
63%
Saison 25 Psy/Fée Sorcilence
54%
Saison 5 Feu Magmar
50%
Saison 5 Psy Alakazam
46%
Saison 1 Eau Krabby
46%
Saison 25 Dragon Regidrago
46%
Saison 5 Insecte Scarabrute
38%
Aucun quiz correspondant
Distribution des résultats
% des personnes avec chaque résultat
Percentile par nombre de réponses
Votre historique - résultats
Vous n’avez pas pris ce quiz